000 01024nam a2200229 4500
005 20240530110502.0
008 150928s2013 ua g b 00| 0 ara d
017 _a19666
_bمصر . دار الكتب المصرية
020 _a9789773684914
040 _aEG-CaGPL
082 0 4 _221
_a330.9\
_bع أ
100 0 _aعبدالحميد عبدالسلام ارحيم
245 1 2 _aالاوضاع الاقتصادية و السياسية و الاجتماعية و تداعياتها على العالم /
_cتاليف عبدالحميد عبدالسلام ارحيم
260 _aالاسكندرية :
_bمؤسسة حورس الدولية ،
_c2013 .
300 _a479 ص ؛
_c24 سم
504 _aيشتمل على ارجاعات ببليوجرافية
650 0 4 _aالعالم
_xالاحوال الاقتصادية
650 0 4 _aالعالم
_xالاحوال السياسية
650 0 4 _aالعالم
_xالاحوال الاجتماعية
942 _2ddc
_cBK
999 _c61501
_d61501